| 000 | 00693nam a22002417a 4500 | ||
|---|---|---|---|
| 003 | OSt | ||
| 005 | 20220107122817.0 | ||
| 008 | 160712b xxu||||| |||| 00| 0 eng d | ||
| 020 | _a9781482220155 | ||
| 040 | _cIIITMK | ||
| 082 | _a910.285 BOS/O | ||
| 100 |
_aBossomaier, Terry _910003 |
||
| 245 |
_aOnline GIS and Spatial metadata _cTerry Bossomaier and Brian A. Hope |
||
| 250 | _a2 | ||
| 260 |
_aBoca Raton, _bCRC Press, _c2016. |
||
| 300 | _axxiv, 414p. | ||
| 650 |
_aGEOGRAPHICL INFORMATION SYSTEM _910004 |
||
| 650 |
_aINFORMATION NETWORKS _910005 |
||
| 650 |
_aMETADATA PORTALS _910006 |
||
| 650 |
_aSPATIAL METADATA _910983 |
||
| 700 |
_aHope, Brian A. _910007 |
||
| 942 |
_2ddc _cBK |
||
| 999 |
_c5276 _d5276 |
||